| 000 | 00887nam a22002417a 4500 | ||
|---|---|---|---|
| 005 | 20100610110414.0 | ||
| 008 | 100610t xxu||||| |||| 00| 0 eng d | ||
| 010 | _aENG-96332 | ||
| 020 |
_a9789380283180 _c295.00 |
||
| 035 | _aEN-79865 | ||
| 037 | _bDBAD/PUB | ||
| 040 |
_aDPL _bEng |
||
| 082 | _aS | ||
| 100 | _aCanfield, Jack | ||
| 245 |
_aChicken soup for the Indian armed forces soul : _b101 stories of service, selflessness and personal courage / _cby Jack Canfield, Mark Victor Hansen [and] Raksha Bharadia |
||
| 260 |
_aNew Delhi _c2009 |
||
| 270 |
_a47, Brij Mohan Road, Daryaganj _bNew Delhi _e110002 |
||
| 300 |
_axi, 360p. _c22 cm. (Pbk) |
||
| 700 |
_aHansen, Mark Victor _9865 |
||
| 700 |
_aBharadia, Raksha _921883 |
||
| 942 |
_2ddc _cEN _mCAN _hS |
||
| 999 |
_c36658 _d36658 |
||